00464nam a22001577a 450000500170000001000150001702000260003203500130005803700130007108200080008410000190009224500560011126000310016727000830019830000250028120140922150642.0 aENG-110882 a9789351431855c350.00 aEN-94414 bDBAD/PUB a346 aNawneet Vibhaw aEnergy law and policy in India /cby Nawneet Vibhaw aGurgaonbLexis Nexisc2014 a14th Floor, Building No.10, Tower-B, DLF Cyber City, Phase-IIbGurgaone122002 axv,214p. c24cm(pbk)